|
|
|
|
| LEADER |
01144cam a22003131a 4500 |
| 001 |
000035784 |
| 003 |
12076 |
| 005 |
20160318000000.0 |
| 008 |
160318s2001 vm 000 vie |
| 041 |
|
|
|a vie
|
| 082 |
|
|
|a 910.133
|
| 100 |
|
|
|a Đổng Ngọc Minh, Vương Lôi Đình.
|
| 245 |
|
|
|a Kinh tế du lịch và du lịch học / Đổng Ngọc Minh, Vương Lôi Đình.
|c Đổng Ngọc Minh, Vương Lôi Đình.
|
| 260 |
|
|
|a Nxb Trẻ
|c 2001
|
| 650 |
|
|
|a Kinh tế du lịch và du lịch học:Đổng Ngọc Minh:Vương Lôi Đình.
|
| 852 |
|
|
|b Chuyên đề
|c Sách tham khảo
|
| OWN |
|
|
|a LNN
|
| AVA |
|
|
|a UDN50
|b LNN
|d 910.133
|e available
|t Error 5001 Not defined in file expand_doc_bib_avail.
|f 1
|g 0
|h N
|i 0
|k 1
|
| 999 |
|
|
|a From the UDN01
|
| AVA |
|
|
|a UDN50
|b LNN
|d 910.133
|e available
|t Error 5001 Not defined in file expand_doc_bib_avail.
|f 1
|g 0
|h N
|i 0
|k 1
|
| TYP |
|
|
|a Monograph
|
| TYP |
|
|
|a Printed language
|
| 980 |
|
|
|a Mạng thư viện Đại học Đà Nẵng
|